000 00918nac a22002897a 4500
001 BR6001764
003 BR-BrBNA
005 20240105113016.0
008 230509b bl.|||m| |||| 00| 0 por d
040 _aBR-BrBNA
_bpor
_cBiblioteca Nacional de Agricultura
072 _aL00; E15
090 _a9410 BR6001764
110 1 _aFundacao para o Desenvolvimento Industrial do Nordeste, Recife, PE (Brasil)
_95017
245 1 _aBacia leiteira de Pernambuco. Informe economico [Brasil]
250 1 _a2.ed.
260 3 _aRecife, PE (Brasil):
_c1967.
300 _a12 p.
490 _aPublicacao Avulsa - Fundacao para o Desenvolvimento Industrial do Nordeste (Brazil)
_vno. 13
_x
500 _a13 tables
650 _aPRODUCAO LEITEIRA
650 _aLEITE
650 _aCONSUMO
650 _aBACIA LEITEIRA
650 _aPERNAMBUCO
909 _a202312
_bLúcia Elande
_c55
_dLúcia Elande
942 _2AGRIS
_n0
_cMS
999 _c261392
_d261392